How Did It End? (Lyrics)- Taylor Swift - Statistics

General Stats
  • This quiz has been taken 34 times
  • The average score is 195 of 223
Answer Stats
Answer % Correct
did
100%
end?
100%
end?"
100%
end
100%
He
100%
hear?
100%
How
100%
"How
100%
I
100%
it
100%
my
100%
My
100%
The
100%
the
100%
to
100%
We
100%
we
100%
a
96%
again
96%
all
96%
And
96%
and
96%
except
96%
friends
96%
in
96%
know
96%
no
96%
of
96%
one
96%
One
96%
Our
96%
our
96%
Say
96%
tell
96%
was
96%
as
91%
can
91%
death
91%
D-Y-I-N-G
91%
feeling
91%
ghost
91%
happenin'
91%
it's
91%
It's
91%
leaving
91%
Leaving
91%
Lost
91%
lost
91%
me
91%
must
91%
once
91%
Sitting
91%
so
91%
tree
91%
We'll
91%
with
91%
you
91%
breathing
87%
Come
87%
come
87%
like
87%
off"
87%
rattle
87%
Then
87%
then
87%
they
87%
They
87%
were
87%
what
87%
beloved
83%
called
83%
chance
83%
chances?
83%
circles
83%
could
83%
Didn't
83%
empathetic
83%
game
83%
not
83%
outdoorsman
83%
she
83%
shops?
83%
Silenced
83%
soul
83%
this
83%
are
78%
at
78%
became
78%
blind
78%
'cause
78%
conduct
78%
cousins
78%
deflation
78%
dreaming
78%
gasp
78%
hereby
78%
hunger
78%
husbands
78%
post-mortem
78%
reeling
78%
right
78%
steps
78%
them
78%
trust
78%
Walking
78%
who
78%
dances
74%
descends
74%
different
74%
flower
74%
home
74%
hot
74%
into
74%
ran
74%
that
74%
their
74%
bereft
70%
birthright
70%
can't
70%
cure
70%
foreign
70%
go
70%
"Guess
70%
him
70%
house
70%
learned
70%
pretend
70%
Soon
70%
they'll
70%
touch
70%
understand
70%
circumstances
65%
don't
65%
Smug
65%
such
65%
But
61%
calling
61%
fell
61%
feverishly
61%
glances
61%
still
61%
victim
61%
unforeseen
57%
interlopers'
48%
maladies
48%
No matching quizzes found
Score Distribution
Percent of People with Each Score
Percentile by Number Answered
Your Score History
You have not taken this quiz